000 00700nam a2200241Ia 4500
003 OSt
005 20220928113605.0
006 a|||||r|||| 00| 0
007 ta
008 220927b |||||||| |||| 00| 0 eng d
024 _a69870
037 _cAnnuals, Advances
040 _aSDCL
_cSDCL
_beng
041 _2eng
_aeng
082 _aQ50j6, P5
100 _aCragg Kenneth
_9433959
245 0 _aSemitism
_b The whence and whither 'How dear are your counsels'
260 _aBrighton
_bSussex Acadmic Press
_c2005
300 _avii,214p
_ccm.
650 _aJudaism And Christianity
_9433960
942 _hQ50j6, P5
_cREF
_2CC
999 _c750360
_d750360